|
|
|
|
| LEADER |
00000nam a2200000 a 4500 |
| 001 |
UCM4090 |
| 003 |
CL-VaPUC |
| 008 |
020726e19930000CK |||||||||||||||||spa|d |
| 082 |
0 |
4 |
|a 658.4012
|b YIP
|2 21
|
| 100 |
0 |
|
|a Yip, George S
|e author
|9 470638
|
| 245 |
1 |
0 |
|a Globalización: estrategias para obtener una ventaja competitiva internacional
|
| 300 |
|
|
|a 331 p
|
| 942 |
|
|
|c BK
|
| 945 |
|
|
|d 20020726 00:00:00
|a cmena
|
| 260 |
|
|
|a Bogotá
|b Norma
|c 1993
|
| 650 |
|
0 |
|a Planificación estratégica
|9 259735
|
| 650 |
|
0 |
|a Gestión de la información
|9 362327
|
| 650 |
|
0 |
|a Toma de decisiones
|9 257530
|
| 583 |
|
|
|a last modification
|c 20020726 00:00:00
|k Rodrigo Vera
|
| 999 |
|
|
|c 300996
|d 300994
|
| 952 |
|
|
|0 0
|1 0
|4 0
|6 658_401200000000000_YIP_1993
|7 0
|8 A
|9 359503
|a BIBENE
|b BIBENE
|d 2019-11-21
|i 3830055
|o 658.4012 YIP 1993
|p 3830055
|r 2025-01-15
|w 2019-11-21
|y BK
|k ICO
|